Engaging resumes and cover letters : how to hook the job you want /

A resume is so much more than a list of skills, education and work history. With the cover letter, it is an integral part of making a good first impression. Hear job seekers and hiring managers discuss how they view and judge resumes and cover letters. Students learn how to make theirs stand out in...

Full description

Bibliographic Details
Other Authors: Stanfield, Akela (Director), Ryan, Kathleen O. (Director), McCarthy, Kevin (Kevin Clark) (Director)
Format: Video
Language:English
Language Notes:This edition in English.
Published: Chicago, IL : Learning Seed, 2011.
Series:Global business and economics in video
Subjects:
Online Access:Connect to this streaming video (Alexander Street Press)

MARC

Tag First Indicator Second Indicator Subfields
LEADER 00000cgm a22000003a 4500
001 in00003751313
006 m|||||o||c||||||||
007 cr |na---||a|a
007 vz |zazu|
008 140312s2011 ilu028 g o vleng d
005 20260324210028.2
020 |a 9781503442665 
035 |a (OCoLC)874048871 
035 |a ASP2311783/busv 
040 |a VaAlASP  |c VaAlASP  |d UtOrBLW 
050 4 |a HF5383  |b .E543 2011 
245 0 0 |a Engaging resumes and cover letters :  |b how to hook the job you want /  |c by Kevin McCarthy, Kathleen O. Ryan, and Akela Stanfield. 
264 1 |a Chicago, IL :  |b Learning Seed,  |c 2011. 
300 |a 1 online resource (28 min.). 
306 |a 002806 
336 |a two-dimensional moving image  |b tdi  |2 rdacontent 
337 |a computer  |b c  |2 rdamedia 
337 |a video  |b v  |2 rdamedia 
338 |a online resource  |b cr  |2 rdacarrier 
338 |a other  |b vz  |2 rdacarrier 
490 0 |a Global business and economics in video 
500 |a Title from resource description page (viewed Mar. 12, 2014). 
520 |a A resume is so much more than a list of skills, education and work history. With the cover letter, it is an integral part of making a good first impression. Hear job seekers and hiring managers discuss how they view and judge resumes and cover letters. Students learn how to make theirs stand out in a professional manner and how to present their skills creatively. Discover how to edit a resume and craft a cover letter for the specific job you're seeking. 
530 |a Previously released as DVD. 
546 |a This edition in English. 
500 |a Electronic resource. 
650 0 |a Résumés (Employment)  |0 http://id.loc.gov/authorities/subjects/sh85113286 
650 0 |a Cover letters.  |0 http://id.loc.gov/authorities/subjects/sh86002455 
655 7 |a Internet videos.  |2 lcgft  |0 http://id.loc.gov/authorities/genreForms/gf2011026337 
655 7 |a Educational films.  |2 lcgft  |0 http://id.loc.gov/authorities/genreForms/gf2011026219 
700 1 |a Stanfield, Akela,  |e director. 
700 1 |a Ryan, Kathleen O.,  |e director.  |0 http://id.loc.gov/authorities/names/no2008032321 
700 1 |a McCarthy, Kevin  |q (Kevin Clark),  |e director.  |0 http://id.loc.gov/authorities/names/no2012104397 
856 4 0 |u http://proxy.library.tamu.edu/login?url=https://www.aspresolver.com/aspresolver.asp?BUSV;2311783  |z Connect to this streaming video (Alexander Street Press)  |t 0 
999 f f |s 8805ffdf-b877-3350-82b3-bb050b7cf6a9  |i b2f3c00e-fd4b-3bd5-b12a-c98af5ab0693  |t 0 
952 f f |a Texas A&M University  |b College Station  |c Electronic Resources  |s www_evans  |d Available Online  |t 0  |e HF5383 .E543 2011  |h Library of Congress classification 
998 f f |a HF5383 .E543 2011  |t 0  |l Available Online